02620nam a2200325uu 4500001000800000005001700008007001000025008004100035035001200076040001300088041000800101082000800109100004800117245009200165260003500257300001300292520147600305650004701781650004101828650003701869650003701906650006301943650002502006700004702031942001002078999001902088502001202107526000802119952016702127143333920260508090504.0co|||||||160215s2015 spa  a1433339 ccomduadb aspa 4a65810aAgudelo Betancur, Vanessa4auteaut974448414aLas ferias como escenarios de comunicación y promoción de la ciudad (caso Inexmoda) aMedellín :bAutor(a),c2015. a1 CD-ROM3 a"Investigación de corte cualitativo, tuvo lugar en Medellín, donde se indagó por la influencia que tienen las acciones de comunicación ejecutadas por Inexmoda en la feria Colombiamoda 2013 en la promoción de la ciudad. Inexmoda es el instituto encargado de investigar y analizar el mercado para acompañar asertiva e integralmente a todos los actores del sector textil y otros sensibles al diseño y a la moda; dentro de su misión asumen la creación de herramientas para potencializar y consolidar el sector textil nacional e internacionalmente, es el responsable de la existencia de Colombiamoda, una de las ferias más importantes de América Latina; ofrece a los actores del sistema de la moda un espacio comercial incluyente y una plataforma contundente para marcas de sectores sensibles al diseño que quieran potencializar su marca. Teniendo en cuenta que Colombiamoda recibe aproximadamente 2.000 visitantes y es de gran importancia para el movimiento económico del país, se examinó desde el funcionalismo que papel cumplen las estrategias de la feria en la promoción de Medellín. Dentro de los resultados se pudo constatar que la realización de Colombiamoda ha despertado el interés de extranjeros no solo a asistir a la feria sino a conocer la ciudad, también se pudo evidenciar que el avance del sector textil de la mano de Colombiamoda ha logrado que se catalogue a Medellín como la capital de la moda en Latinoamérica." 7aComunicación organizacional2lemb933998 aEstrategias de comunicación977211 7aRelaciones públicas2lemb9309 aOrganización de eventos914326 aInstituto para la Exportacion y la Moda (Inexmoda)9147917 aColombiamoda919380510aMesa Franco, Ana Lucía4thseths9578134 cTESIS c734088d734088 b119c13 a120 001040708TESDIGBCaBCbBCd2016-02-15eMaterial adquirido por donacióniC1240051l0o658.45 A282 CD-ROMp1030658r2023-05-03 00:00:00t1w2023-05-03yDIGITAL